000 00475nam a2200181Ia 4500
001 20052
005 20260306172738.0
008 260306t2013||||xx |||||||||||||| ||spa||
041 _aESP
082 _a342.211
_bF12
100 _aFacchi, Alessandra
_eAUT
245 0 _aBreve storia dei diritti umani:
_bdai diritti dell´uomo ai diritti delle donne
260 _c2013
300 _a167 páginas :
_c21cm.
650 _aGEN
654 _aCDE
942 _cLIB
_dJUS
_fJUS
_2ddc
_n
999 _c20052
_d20052